| 000 | 00724nam a22002057a 4500 | ||
|---|---|---|---|
| 005 | 20240408135616.0 | ||
| 008 | t mx d gr|||| 000 0|spa|d | ||
| 020 | _a9684962126 | ||
| 050 | 0 | 4 |
_aHV5313 _bP73 1992 |
| 245 | 1 | 0 |
_aPrácticas e ideologías "científicas" y "populares" respecto del "alcoholismo" en México _c / Eduardo L. Menéndez, (ed.) |
| 250 | _a1a ed. | ||
| 260 | 0 | 4 |
_aMéxico : _bCentro de Investigaciones y Estudios, _c1992 |
| 300 |
_a169 p. : _bil. ; _c21 cm. |
||
| 490 | 0 | _aMiguel Othón de Mendizábal. | |
| 504 | _aIncluye bibliografía : p.166-169 e índice | ||
| 650 | 4 |
_aAlcholismo _zMéxico |
|
| 650 | 4 | _aBinestar social | |
| 700 | 1 |
_aMenendez, Eduardo L., _qeditor. |
|
| 942 |
_2lcc _cLIB |
||
| 999 |
_c38890 _d38890 |
||